02130nam a22003257a 4500003000900000008004100009040007100050082002400121110003600145245008800181260005300269300002900322440010800351505096600459650002301425650002701448650002201475650003401497650002501531650002201556650002501578700002401603700002301627700002201650700003001672700003101702700003101733700001801764700002201782AR-CdUCM190425b ||||| |||| 00| 0 spa d aMUNICIPALIDAD PROVINCIAL DEL CUSCOcBIBLIOTECA MUNICIPAL DEL CUSCO aRev.Andi/N°49/2009 aCentro Bartolomé de Las Casas aRevista andina /cCentro de estudios rurales andinos Bartolomé de Las Casas Cusco aCusco :bCentro Bartolomé de Las Casas,c2009. a271 páginas. :c23 cm. aPublicación Semestral del Centro Bartolomé de Las Casas Cusco.nNúmero 49, Segundo semestre 2009. aContenido: De sacerdotes del Tawantinsuyu a cofrades coloniales: nuevas evidencias sobre los Acustupa y Viracocha Inga de Copacabana. Mercedes del Río. -- Tumbas, metalurgia y complejidad social en un páramo del altiplano surandino. Pulacayo, Bolivia, primer milenio d. C. Pablo José Cruz. -- Organización socio-espacial del Cuzco prehispánico: datos sobre la repartición de tierras de los grupos aristocráticos incas. Laurent Segalini. -- La dentera multilingüe e intercultural en las sociedades andinas (conflictos de lengua, habla y escritura). Enrique Ballón Aguirre. -- Estado, modernización y la Ley de Conscripción Vial en Perú. Mario Miguel Meza Bazán. -- El plano más antiguo del Cusco en 1643. Un análisis urbanístico en dos parroquias de indios en los siglos XVI y XVII. Jessica Esquivel Coronado. -- Etnonimia y relaciones interétnicas entre los panos meridionales (siglos XVII-XX). Lorena Córdoba , Diego Villar. aSacerdotes andinos aCofradías coloniales aMetalurgia andina aOrganización socio espacial aCusco prehispánico aInterculturalidad aParroquias del Cusco aDel Río, Mercedes aCruz, Pablo José aSegalini, Laurent aBallón Aguirre, Enrique aMeza Bazán, Mario Miguel aEsquivel Coronado, Jessica aVillar, Diego aCórdoba, Lorena